Sports Quiz

Random Sports or World Quiz

Men's ASP Surfer Rankings (2005-2009) Quiz Stats

 Plays Quiz not verified by Sporcle

Also try: Cricketers
Challenge
Share
Tweet
Embed
Score 0/50 Timer 06:00
0 Plays Today
% Correct
Kelly Slater
100%
Kelly Slater
100%
Kelly Slater
100%
Kelly Slater
100%
Kelly Slater
100%
Mick Fanning
87.7%
Mick Fanning
87.7%
Mick Fanning
87.7%
Mick Fanning
87.7%
Mick Fanning
87.7%
Andy Irons
82.7%
Andy Irons
82.7%
Andy Irons
82.7%
Taj Burrow
72.8%
Taj Burrow
72.8%
Taj Burrow
72.8%
Taj Burrow
72.8%
Taj Burrow
72.8%
Bruce Irons
71.6%
Joel Parkinson
71.6%
Joel Parkinson
71.6%
Joel Parkinson
71.6%
Joel Parkinson
71.6%
CJ Hobgood
66.7%
CJ Hobgood
66.7%
% Correct
CJ Hobgood
66.7%
Damien Hobgood
65.4%
Damien Hobgood
65.4%
Damien Hobgood
65.4%
Bede Durbidge
46.9%
Bede Durbidge
46.9%
Bede Durbidge
46.9%
Adriano de Souza
45.7%
Adriano de Souza
45.7%
Bobby Martinez
42%
Bobby Martinez
42%
Bobby Martinez
42%
Bobby Martinez
42%
Jeremy Flores
38.3%
Jeremy Flores
38.3%
Dane Reynolds
35.8%
Taylor Knox
34.6%
Adrian Buchan
27.2%
Dean Morrison
22.2%
Dean Morrison
22.2%
Phillip MacDonald
14.8%
Trent Munro
13.6%
Pancho Sullivan
13.6%
Nathan Hedge
9.9%
Tom Whitaker
9.9%

You're not logged in!

Compare scores with friends on all Sporcle quizzes.
Join for Free
OR
Log In

You Might Also Like...

Show Comments

Extras

Top Quizzes Today


Score Distribution

Your Account Isn't Verified!

In order to create a playlist on Sporcle, you need to verify the email address you used during registration. Go to your Sporcle Settings to finish the process.

Report this User

Report this user for behavior that violates our Community Guidelines.

Details: